Principles and Practice of Nursing (Record no. 1296)

MARC details
000 -LEADER
Fixed length control field 00544nam a2200217Ia 4500
003 - CONTROL NUMBER IDENTIFIER
Control field IIN
005 - DATE AND TIME OF LATEST TRANSACTION
Control field 20240201155156.0
008 - FIXED-LENGTH DATA ELEMENTS--GENERAL INFORMATION
Fixed length control field 231217s9999 xx 000 0 und d
020 ## - INTERNATIONAL STANDARD BOOK NUMBER / ISBN
Price Rs.530.00
International Standard Book Number 8185605076
040 ## - CATALOGING SOURCE
Original cataloging agency IIN
Language of cataloging English
082 ## - DEWEY DECIMAL CLASSIFICATION NUMBER
Classification number 610.730693
Book Number NAN
100 1# - MAIN ENTRY--PERSONAL NAME
Personal name Nancy, S.R.
245 1# - TITLE STATEMENT
Title Principles and Practice of Nursing
Statement of responsibility S.R.Nancy
250 ## - EDITION STATEMENT
Edition statement 5th ed
260 ## - IMPRINT
Name of publisher N.R.Brothers
Place of publication Indore
Date of publication 2018
300 ## - PHYSICAL DESCRIPTION
Page / Vol. No [7], 1-410p.
440 ## - SERIES STATEMENT
Number Vol.2
650 1# - SUBJECT ADDED ENTRY--TOPICAL TERM
Topical term Foundation
650 1# - SUBJECT ADDED ENTRY--TOPICAL TERM
Topical term Nursing, Practice of
942 ## - ADDED ENTRY ELEMENTS (KOHA)
Koha item type Books
Holdings
Withdrawn status Lost status Damaged status Not for loan Collection code Home library Current library Date acquired Price Total Checkouts Call number Accession number Date last seen Copy number Price effective from Koha item type
          IDEAL INSTITUTE OF NURSING IDEAL INSTITUTE OF NURSING 17/12/2023 530.00   610.730693 NAN 1290 17/12/2023 Vol.2 17/12/2023 Books
          IDEAL INSTITUTE OF NURSING IDEAL INSTITUTE OF NURSING 17/12/2023 530.00   610.730693 NAN 1291 17/12/2023 Vol.2 17/12/2023 Books
          IDEAL INSTITUTE OF NURSING IDEAL INSTITUTE OF NURSING 17/12/2023 530.00   610.730693 NAN 1292 17/12/2023 Vol.2 17/12/2023 Books
© Ideal Institute Of Nursing, All rights reserved.         Powered by Koha